| 000 | 00471nam a2200193Ia 4500 | ||
|---|---|---|---|
| 005 | 20140405081755.0 | ||
| 008 | 140130s9999 xx 000 0 und d | ||
| 020 | _a0439409764 | ||
| 050 |
_aPZ 7 _b.Sch292 2002 |
||
| 100 | _aSchade, Susan | ||
| 245 |
_cSusan Schade. _aBungee Baboon Rescue / |
||
| 260 |
_bScholastic, _c2002. _aUSA : |
||
| 300 |
_a107 p. : _bill. ; _c19 cm. |
||
| 440 | _v1 | ||
| 521 | _aG2 | ||
| 526 | _c400 | ||
| 942 |
_cBK _2lcc |
||
| 999 |
_c40231 _d40231 |
||